[Event "DSM WK M 2010"]
[Site "Karlsruhe GER"]
[Date "2010.05.07"]
[Round "2"]
[White "Reyher, Susan"]
[Black "Bykov, Ilona"]
[Result "1-0"]
[Termination "normal"]
[Board "7.1"]
[WhiteElo "1246"]
[BlackElo "783"]
[WhiteTeam "J.H. Pestalozzi GS Leegebruch"]
[BlackTeam "Südendschule Karlsruhe"]
[PlyCount "60"]
[WhiteFideId "24686107"]
[BlackFideId "12964433"]
[EventCountry "GER"]
[EventRounds "7"]
[EventType "team-swiss"]
[EventDate "2010.05.06"]

1. e4 e5 2. Nf3 Nc6 3. Bc4 f6 4. Nc3 Nh6 5. d4 exd4 6. Nxd4 Ne5 7. Bf4 Nxc4 8.
h3 Nd6 9. Ndb5 Nxb5 10. Nxb5 Bb4+ 11. c3 Bc5 12. Nxc7+ Kf8 13. Nxa8 Ng4 14.
Qxg4 Bb6 15. Nxb6 Qxb6 16. O-O Qa5 17. Bd6+ Kf7 18. Bb4 d6 19. Qf3 Qg5 20. Bxd6
Rd8 21. e5 Bg4 22. Qxb7+ Ke6 23. Qe7+ Kf5 24. exf6 Bxh3 25. Qe5+ Kg6 26. Qxg5+
Kxg5 27. f7 h5 28. Be7+ Kg6 29. f8=Q Rxf8 30. Bxf8 -- { (Schwarz zog hier
regelwidrig Le5)} 1-0

[Event "DSM WK M 2010"]
[Site "Karlsruhe GER"]
[Date "2010.05.07"]
[Round "2"]
[White "Ketterer, Beatrice"]
[Black "Wolff, Marie Antoinette"]
[Result "0-1"]
[Termination "normal"]
[Board "7.2"]
[WhiteElo "800"]
[BlackElo "939"]
[WhiteTeam "Südendschule Karlsruhe"]
[BlackTeam "J.H. Pestalozzi GS Leegebruch"]
[PlyCount "58"]
[WhiteFideId "12983411"]
[BlackFideId "12908258"]
[EventCountry "GER"]
[EventRounds "7"]
[EventType "team-swiss"]
[EventDate "2010.05.06"]

1. e4 e5 2. Nf3 Nc6 3. Nc3 Nf6 4. Bb5 g6 5. Bxc6 bxc6 6. O-O Bg7 7. Nxe5 O-O 8.
d4 Ba6 9. Re1 Ne8 10. Nf3 d5 11. exd5 cxd5 12. Bg5 Nf6 13. Bxf6 Bxf6 14. Ne5
Qd6 15. Ng4 Bg5 16. Re5 c6 17. Rxg5 Kg7 18. Na4 Rfe8 19. Nc5 Be2 20. Qe1 Bxg4
21. Rxg4 Rxe1+ 22. Rxe1 Rb8 23. b3 Rc8 24. c4 dxc4 25. bxc4 Rb8 26. Rd1 a5 27.
d5 cxd5 28. cxd5 Qxd5 29. Nb3 Qxd1# 0-1

[Event "DSM WK M 2010"]
[Site "Karlsruhe GER"]
[Date "2010.05.07"]
[Round "2"]
[White "Sauer, Annika"]
[Black "Kanstinger, Pia"]
[Result "1-0"]
[Termination "normal"]
[Board "7.3"]
[WhiteElo "1033"]
[BlackElo "800"]
[WhiteTeam "J.H. Pestalozzi GS Leegebruch"]
[BlackTeam "Südendschule Karlsruhe"]
[PlyCount "39"]
[WhiteFideId "12952052"]
[EventCountry "GER"]
[EventRounds "7"]
[EventType "team-swiss"]
[EventDate "2010.05.06"]

1. e4 e5 2. Nf3 Nc6 3. Nc3 Nf6 4. Bc4 Bb4 5. d3 Bxc3+ 6. bxc3 d6 7. Bg5 Bg4 8.
Bxf6 gxf6 9. O-O Bxf3 10. Qxf3 Qd7 11. a4 O-O-O 12. a5 a6 13. Bd5 Ne7 14. Rab1
b6 15. axb6 cxb6 16. Rxb6 Qa7 17. Bb7+ Kc7 18. Rfb1 Rb8 19. Qxf6 Rhe8 20. Qxd6#
1-0

[Event "DSM WK M 2010"]
[Site "Karlsruhe GER"]
[Date "2010.05.07"]
[Round "2"]
[White "Gschwend, Lena"]
[Black "Allonge, Mandy"]
[Result "0-1"]
[Termination "normal"]
[Board "7.4"]
[WhiteElo "800"]
[BlackElo "866"]
[WhiteTeam "Südendschule Karlsruhe"]
[BlackTeam "J.H. Pestalozzi GS Leegebruch"]
[PlyCount "78"]
[EventCountry "GER"]
[EventRounds "7"]
[EventType "team-swiss"]
[EventDate "2010.05.06"]

1. e4 e5 2. Nf3 Nc6 3. Nc3 Nf6 4. Bb5 a6 5. Bxc6 dxc6 6. d3 Bc5 7. d4 exd4 8.
Ne2 Nxe4 9. O-O Bg4 10. Ng5 Nxg5 11. Ng3 Bxd1 12. Rxd1 Qf6 13. Re1+ Ne6 14. Ne4
Qf4 15. Bxf4 Bb6 16. Be5 O-O 17. Ng3 f6 18. Bf4 g5 19. Bd2 f5 20. Bb4 c5 21.
Bd2 f4 22. Nh5 g4 23. Rxe6 f3 24. g3 Rae8 25. Ree1 Re2 26. Nf4 Rxd2 27. Rac1 c4
28. Ne6 Rf6 29. h4 d3 30. Red1 Bxf2+ 31. Kf1 Re2 32. Ng5 dxc2 33. Rd8+ Kg7 34.
h5 Rh6 35. Ne6+ Rhxe6 36. Rd7+ Kg8 37. a4 Rh6 38. Ra1 Rxh5 39. Ra3 Rh1# 0-1

[Event "DSM WK M 2010"]
[Site "Karlsruhe GER"]
[Date "2010.05.07"]
[Round "2"]
[White "Schellinger, Sara"]
[Black "Hoffmann, Hanna Dorina"]
[Result "0-1"]
[Termination "normal"]
[Board "8.1"]
[WhiteElo "800"]
[BlackElo "1536"]
[WhiteTeam "Kant-Gymnasium Karlsruhe"]
[BlackTeam "Mallinckrodt-Gymnasium Dortmund"]
[PlyCount "76"]
[BlackFideId "12909858"]
[EventCountry "GER"]
[EventRounds "7"]
[EventType "team-swiss"]
[EventDate "2010.05.06"]

1. e4 c5 2. Nc3 d6 3. Bc4 Nf6 4. d3 g6 5. Nf3 Bg7 6. O-O O-O 7. Bg5 Bd7 8. Nd5
b5 9. Bb3 a5 10. Nxf6+ exf6 11. Bf4 Qc7 12. Bd5 Bc6 13. Bxc6 Nxc6 14. d4 cxd4
15. Nxd4 Nxd4 16. Qxd4 Rfd8 17. Rfd1 Ra6 18. Rd3 f5 19. e5 Qb8 20. Rad1 Rc8 21.
Qd5 dxe5 22. Bg5 h6 23. Qd8+ Kh7 24. Qd5 hxg5 25. Rc3 Rxc3 26. bxc3 e4 27. f3
exf3 28. gxf3 Re6 29. Rd3 Re2 30. Qd6 Qxd6 31. Rxd6 Rxc2 32. c4 bxc4 33. a3 Ra2
34. Rd4 Bxd4+ 35. Kf1 c3 36. f4 Rf2+ 37. Kg1 c2 38. fxg5 c1=R# 0-1

[Event "DSM WK M 2010"]
[Site "Karlsruhe GER"]
[Date "2010.05.07"]
[Round "2"]
[White "Demetrescu, Alice"]
[Black "Rauch, Silja"]
[Result "1-0"]
[Termination "normal"]
[Board "8.2"]
[WhiteElo "800"]
[BlackElo "800"]
[WhiteTeam "Mallinckrodt-Gymnasium Dortmund"]
[BlackTeam "Kant-Gymnasium Karlsruhe"]
[PlyCount "85"]
[EventCountry "GER"]
[EventRounds "7"]
[EventType "team-swiss"]
[EventDate "2010.05.06"]

1. d4 d5 2. c4 dxc4 3. Nc3 e6 4. e3 Nc6 5. Bxc4 Bd7 6. d5 Ne5 7. b3 Bb4 8. Bd2
c6 9. d6 Nf6 10. Nf3 Nxc4 11. bxc4 c5 12. Ne5 Bc8 13. Nb5 g6 14. Nc7+ Kf8 15.
Nxa8 Rg8 16. Bxb4 cxb4 17. O-O Kg7 18. Nc7 Ne4 19. Qd4 f5 20. Nc6+ e5 21. Qxe5+
Qf6 22. Ne8+ Rxe8 23. Qxe8 Nxd6 24. Qe7+ Qxe7 25. Nxe7 Be6 26. Rfd1 Nxc4 27.
Nd5 Ne5 28. Nf4 Kf7 29. Nxe6 Kxe6 30. Rab1 Nf7 31. Rxb4 a5 32. Rxb7 a4 33. Rdd7
Ne5 34. Rxh7 Nc4 35. Rb4 Nd6 36. Rxa4 Ne8 37. Rb7 Nd6 38. Rb6 g5 39. Rd4 Kd7
40. Rdxd6+ Kc7 41. Rh6 Kd7 42. Rb7+ Ke8 43. Rh8# 1-0

[Event "DSM WK M 2010"]
[Site "Karlsruhe GER"]
[Date "2010.05.07"]
[Round "2"]
[White "Weigold, Celina"]
[Black "Reinecke, Lena"]
[Result "0-1"]
[Termination "normal"]
[Board "8.3"]
[WhiteElo "800"]
[BlackElo "800"]
[WhiteTeam "Kant-Gymnasium Karlsruhe"]
[BlackTeam "Mallinckrodt-Gymnasium Dortmund"]
[PlyCount "64"]
[EventCountry "GER"]
[EventRounds "7"]
[EventType "team-swiss"]
[EventDate "2010.05.06"]

1. e4 e5 2. d3 Bc5 3. c4 Nf6 4. Be3 Bxe3 5. fxe3 O-O 6. Nf3 Nc6 7. b3 d6 8. a4
Bg4 9. Nfd2 Bxd1 10. Kxd1 Ng4 11. h3 Nf2+ 12. Ke2 Nxh1 13. Nc3 Ng3+ 14. Kf3
Nxf1 15. Nxf1 Nb4 16. d4 Qf6+ 17. Ke2 exd4 18. exd4 Qxd4 19. Nd1 Qxa1 20. Nfe3
Rfe8 21. c5 dxc5 22. Nc2 Nxc2 23. Kd2 Nd4 24. Ke1 Qa2 25. Nc3 Qxg2 26. a5 Qc2
27. Nb5 Nxb5 28. b4 Rxe4+ 29. Kf1 cxb4 30. h4 a6 31. h5 h6 32. Kg1 Re1# 0-1

[Event "DSM WK M 2010"]
[Site "Karlsruhe GER"]
[Date "2010.05.07"]
[Round "2"]
[White "Frieling, Nora"]
[Black "Keyzman, Anastasya"]
[Result "1-0"]
[Termination "normal"]
[Board "8.4"]
[WhiteElo "800"]
[BlackElo "800"]
[WhiteTeam "Mallinckrodt-Gymnasium Dortmund"]
[BlackTeam "Kant-Gymnasium Karlsruhe"]
[PlyCount "47"]
[EventCountry "GER"]
[EventRounds "7"]
[EventType "team-swiss"]
[EventDate "2010.05.06"]

1. e4 e5 2. Nf3 Nc6 3. Bc4 Nf6 4. Ng5 d6 5. Nxf7 Qd7 6. Nxh8 Nxe4 7. O-O b6 8.
d3 Ba6 9. Bxa6 Nb4 10. Bb7 Qe6 11. Bxa8 Qc8 12. Bxe4 Qd7 13. Bg5 Qf7 14. Nxf7
Kxf7 15. Qf3+ Ke8 16. Nc3 Nxc2 17. Rac1 c6 18. Rxc2 d5 19. Bxh7 Bc5 20. Bg6+
Kd7 21. Qf5+ Kd6 22. Re2 a5 23. Qxe5+ Kd7 24. Bf5# 1-0